| 000 | 00630nam a2200193 a 4500 | ||
|---|---|---|---|
| 001 | BRCA_2066 | ||
| 005 | 20190320203644.0 | ||
| 008 | 070808s2004----mx-#---###---#000-0#spa-# | ||
| 050 | 4 |
_aAM5 _b.I36 2004 |
|
| 245 | 1 | 0 |
_aMemorias _bpatrimonio intangible : resonancia de nuestras tradiciones _cLourdes Arizpe ... [et al.]. |
| 260 |
_aMéxico _bICOM México : CONACULTA : INAH _c2004 |
||
| 300 |
_a103 p. _c27 cm. |
||
| 650 | 1 | 4 |
_aCultura popular _zMéxico _96281 |
| 650 | 1 | 4 |
_aFolclor _zMéxico _96282 |
| 651 | 4 |
_aMéxico _xVida social y costumbres _9769 |
|
| 653 | 0 | _aVida cotidiana | |
| 700 | 1 |
_aArizpe, Lourdes _96283 |
|
| 942 |
_2lcc _cB |
||
| 999 |
_c1825 _d1825 |
||